000
00287nam a2200097Ia 4500
008
220120s9999||||xx |||||||||||||| ||und||
100
_a
Akarsh B.S and others
_9
12675
245
0
_a
Glass hole making machine
260
_a
Coorg Institute of Technology
_b
Ponnampet
_c
2017
650
_a
MECHANICAL
999
_c
138275
_d
138275